000 00317nam a22001217a 4500
008 160613b xxu||||| |||| 00| 0 eng d
020 _a9780803958005
020 _a0803958005
041 _aeng
080 _a618.2
245 _aAdvanced design in nursing research:
_cPamela J. Brink; Marilynn J.Wood;
942 _2udc
_cBK
999 _c2456
_d2456